A magyar néptánc helye és szerepe a XXI. században
| Szerző: | |
|---|---|
| További közreműködők: | |
| Dokumentumtípus: | Diplomadolgozat |
| Kulcsszavak: | hagyományok közösségépítés kultúra magyar néptánc nemzeti identitás |
| Online Access: | http://dolgozattar.uni-bge.hu/59629 |
MARC
| LEADER | 00000nta a2200000 i 4500 | ||
|---|---|---|---|
| 001 | dolg59629 | ||
| 005 | 20260409145328.0 | ||
| 008 | 260409suuuu hu om 000 hun d | ||
| 040 | |a BGE Dolgozattár Repozitórium |b hun | ||
| 041 | |a hu | ||
| 100 | 1 | |a Bognár Blanka | |
| 245 | 1 | 2 | |a A magyar néptánc helye és szerepe a XXI. században |c Bognár Blanka |h [elektronikus dokumentum] |
| 520 | 3 | |a Dolgozatomban arra kerestem a választ, hogy mi a helye és a szerepe a XXI. században a magyar néptáncnak. Interjúk és kérdőív segítségével kaptam egy átfogó képet arról, hogy azok a személyek, akik a múltban vagy akár a jelenben a magyar néptánc világának részesei voltak, miként vélekednek erről. Röviden megfogalmazva az az eredmény született, hogy a színház és a szórakoztatás a helye és a szerepe jelenleg a társadalmunkban a magyar néptáncnak, ami reméljük, hogy még sokáig ilyen formában jelen lesz, mert a hagyományaink azok, amik a múltunk, a jelenünk és a jövőnk legmeghatározóbb részei. | |
| 695 | |a hagyományok | ||
| 695 | |a közösségépítés | ||
| 695 | |a kultúra | ||
| 695 | |a magyar néptánc | ||
| 695 | |a nemzeti identitás | ||
| 700 | 1 | |a Joós Tamás |e ths | |
| 856 | 4 | 0 | |u http://dolgozattar.uni-bge.hu/59629/1/Bogn%C3%A1r_Blanka_A%20magyar%20n%C3%A9pt%C3%A1nc%20helye%20%C3%A9s%20szerepe%20a%20XXI.%20sz%C3%A1zadban.pdf |z Dokumentum-elérés |
| 856 | 4 | 0 | |u http://dolgozattar.uni-bge.hu/59629/2/Bogn%C3%A1r%20Blanka%20%C3%A9rt%C3%A9kel%C3%A9s.pdf |z Dokumentum-elérés |
| 856 | 4 | 0 | |u http://dolgozattar.uni-bge.hu/59629/3/Bogn%C3%A1r%20Blanka_opponens_biralat_TakacsEdit.pdf |z Dokumentum-elérés |